dBASE III plus for beginners (Record no. 541835)
[ view plain ]
| 000 -LEADER | |
|---|---|
| fixed length control field | 00425cmm a2200145 a 4500 |
| 082 00 - DEWEY DECIMAL CLASSIFICATION NUMBER | |
| Classification number | 005.7565 |
| Author Mark | MAT |
| -- | ML02,P-153 |
| 100 ## - MAIN ENTRY--PERSONAL NAME | |
| Personal name | Mathur, Rajiv. |
| 9 (RLIN) | 36890 |
| 245 00 - TITLE STATEMENT | |
| Title | dBASE III plus for beginners |
| Statement of responsibility, etc. | Mathur, Rajiv. |
| 250 ## - EDITION STATEMENT | |
| Edition statement | Version iii |
| 260 ## - PUBLICATION, DISTRIBUTION, ETC. | |
| Place of publication, distribution, etc. | Delhi. : |
| Name of publisher, distributor, etc. | Galgotia publications, |
| Date of publication, distribution, etc. | c1990. |
| 300 ## - PHYSICAL DESCRIPTION | |
| Extent | 477 p. |
| Dimensions | 24 cm. |
| 526 ## - STUDY PROGRAM INFORMATION NOTE | |
| Program name | 0 |
| Interest level | 0 |
| Reading level | 0 |
| Title point value | 005_756500000000000_MAT |
| 650 #0 - SUBJECT ADDED ENTRY--TOPICAL TERM | |
| Topical term or geographic name entry element | MCE |
| General subdivision | Software. |
| 9 (RLIN) | 36891 |
| 942 ## - ADDED ENTRY ELEMENTS (KOHA) | |
| Source of classification or shelving scheme | |
| Koha item type | Book |
| Withdrawn status | Lost status | Source of classification or shelving scheme | Damaged status | Not for loan | Permanent Location | Current Location | Date acquired | Total Checkouts | Full call number | Barcode | Date last seen | Price effective from | Koha item type |
|---|---|---|---|---|---|---|---|---|---|---|---|---|---|
| Military College of Engineering (MCE) | Military College of Engineering (MCE) | 09/04/2013 | 005.7565 MAT | MCE-25630 | 09/04/2013 | 09/04/2013 | Book |
